000
00187 a2200097 4500
020
_a
9780439663816
041
_a
spa
100
_a
Mireille d,Allance
245
_a
No, no y no
942
_c
BK
999
_c
12165
_d
12165